000 00290nam a22001457a 4500
003 SGT
020 _a658.4
082 _aLEV
100 _aLEVIN, RICHARD I.
245 _aSTATISTICS FOR MANAGEMENT
250 _a8TH
260 _aPEARSON INDIA
_c2018
300 _a985
942 _2ddc
_cBK
999 _c14258
_d14258